| 000 | 00687nam a22001937a 4500 | ||
|---|---|---|---|
| 999 |
_c186876 _d186876 |
||
| 005 | 20220322113757.0 | ||
| 010 | _aENG-132065 | ||
| 020 |
_a9789391125547 _c445.00 |
||
| 035 | _aEN-115597 | ||
| 037 | _bDBAD | ||
| 082 | _a880 | ||
| 245 |
_aEssays of U Ve Sa: _bThe Man Who received Ancient Tamil LIterature/ _cTranslated from Tamil by Prabha Sridevan and Pradeep Chakravarthy |
||
| 260 |
_aNew Delhi _bNiyogi Books _c2022 |
||
| 270 |
_aBlock D, Building No. 77, Okhla Industrial Area, Phase-I _bNew Delhi _e110020 _mniyogibooks@gmail.com |
||
| 300 |
_a240p _c21cm(pbk) |
||
| 700 | _aSridevan, Prabha | ||
| 700 | _aChakravarthy, Pradeep | ||
| 942 |
_2ddc _cEN _h880 _mESS |
||